| 000 | 01299cam a22003255i 4500 | ||
|---|---|---|---|
| 999 |
_c10949 _d10949 |
||
| 001 | 2998450 | ||
| 003 | EG-ScBUE | ||
| 005 | 20200108120244.0 | ||
| 008 | 931020s1996 enka f b 001 0 eng d | ||
| 020 | _a0521565413 (low price paperback) | ||
| 020 | _a9780521565417 (low price paperback) | ||
| 040 |
_aEG-ScBUE _beng _erda _cEG-ScBUE _dEG-ScBUE |
||
| 082 | 0 | 4 |
_a808.0665 _bDAY _220 |
| 100 | 1 |
_aDay, Robert A., _d1924- _eauthor. _95291 |
|
| 245 | 1 | 0 |
_aHow to write and publish a scientific paper / _cby Robert A. Day. |
| 250 | _aFourth edition. | ||
| 250 | _aLow Price edition. | ||
| 264 | 1 |
_aCambridge : _bCambridge University Press, _c1996. |
|
| 300 |
_axiv, 223 pages ; _c23 cm |
||
| 336 |
_atext _btxt _2rdacontent |
||
| 337 |
_aunmediated _bn _2rdamedia |
||
| 338 |
_avolume _bnc _2rdacarrier |
||
| 504 | _aIncludes bibliographical references and index. | ||
| 520 | _aThis book includes all the information and advice needed to write and publish a scientific paper. This expanded edition contains new information on electronic manuscript preparation and the use of computers to create effective tabulation. | ||
| 650 | 7 |
_aTechnical writing. _2BUEsh |
|
| 651 | _2BUEsh | ||
| 653 |
_bHHUUEENN _bGGEN _cJuly2019 |
||
| 740 | 0 | _aHow to write and publish a scientific paper. | |
| 942 |
_2ddc _cBB |
||